| 000 | 00671nam a22002057a 4500 | ||
|---|---|---|---|
| 005 | 20260327141205.0 | ||
| 010 | _aENG-147993 | ||
| 020 |
_a9788198964038 _c650.00 |
||
| 035 | _aEN-131525 | ||
| 037 | _bDBAD | ||
| 082 |
_a658.5 _21 |
||
| 100 |
_a _988810 |
||
| 245 |
_aNext Gen Busuness Strategies ;Trends ,Technologies and Transformation/ _cEDIT BY-Dr.S.Selvanathan ,A.N .Bhuvaneswari. |
||
| 250 | _a1 | ||
| 260 |
_aVirudhunagar _bJai Shivani publications _c2025 |
||
| 270 |
_aJai Shivani publications . _bTamilnadu |
||
| 300 |
_a195.pg _c28cm(pb) |
||
| 700 |
_988786 _a DR.S.Selvanathan ,A.N.Bhuvaneswari . |
||
| 942 |
_2ddc _cEN _h658.5 _mNEX _e1 |
||
| 999 |
_c215795 _d215795 |
||